Equipos del fútbol brasileño con imágenes - Estadísticas

Estadísticas generales
  • Esta prueba ha sido intentada 11 veces
  • La puntuación promedio es 23 de 35
Estadísticas de respuestas
Imagen Respuesta % Correcto
Corinthians
100%
Flamengo
100%
Fluminense
100%
Grêmio
100%
São Paulo
100%
Atlético Mineiro
89%
Chapecoense
89%
Palmeiras
89%
Red Bull Bragantino
89%
Santos
89%
Botafogo
78%
Cruzeiro
78%
Internacional
78%
Vasco da Gama
78%
Athletico Paranaense
67%
Bahia
67%
Coritiba
67%
Goiás
67%
Mirassol
67%
Fortaleza
56%
Portuguesa
56%
Remo
56%
São Caetano
56%
Sport Recife
56%
Vitória
56%
Guarani
44%
Juventude
44%
Paraná
44%
América Mineiro
33%
Ceará
33%
Criciúma
33%
Figueirense
33%
Náutico
33%
Avaí
22%
Ponte Preta
22%
No se encontraron pruebas coincidentes
Distribución de puntuación
Porcentaje de gente con cada puntuación
Porcentaje por número respondido
Historial de tus puntuaciones
No has intentado esta prueba.